| 000 | 02510nam a2200265 4500 | ||
|---|---|---|---|
| 003 | NALT | ||
| 005 | 20260114122952.0 | ||
| 008 | 260108b th ||||| |||| 00| 0 tha d | ||
| 020 | _a9786163891976 | ||
| 040 | _aNALT | ||
| 050 |
_aJC 423 _bอ881 2567 |
||
| 245 | 0 | 0 |
_aเอกลักษณ์ของระบอบประชาธิปไตยอันมีพระมหากษัตริย์ทรงเป็นประมุข: จัดพิมพ์ขึ้นเนื่องในโอกาสเฉลิมฉลองครบรอบ 100 ปี ราชบัณฑิตยสภา / _cสำนักงานราชบัณฑิตยสภา ; สำนักธรรมศาสตร์และการเมือง. |
| 250 | _aพิมพ์ครั้งที่ 1. | ||
| 260 |
_aกรุงเทพฯ : _bสำนักงานราชบัณฑิตยสภา, _c2567. |
||
| 300 |
_a120 หน้า ; _c21 ซม. |
||
| 505 | 2 | _aส่วนที่ 1 : ความนำ / โดย ศาสตราจารย์ ดร.วรเดช จันทรศร -- ส่วนที่ 2 : การปาฐกถาเรื่อง พระมหากษัตริย์กับความเป็นไทย / โดย ศาสตราจารย์ (พิเศษ) ดร.เอนก เหล่าธรรมทัศน์ -- ส่วนที่ 3 : การปาฐกถาเรื่อง พระมหากษัตริย์กับการพัฒนาประเทศ / โดย ศาสตราจารย์ ดร.วิษณุ เครืองาม -- ส่วนที่ 4 : การปาฐกถาเรื่อง เอกลักษณ์ของระบอบประชาธิปไตยไทยในกระแสประชาธิปไตยโลก / โดย ศาสตราจารย์ ดร.บวรศักดิ์ อุวรรณโณ. | |
| 650 | 4 |
_aประชาธิปไตย _92054 |
|
| 710 | 2 |
_aสำนักงานราชบัณฑิตยสภา. _92 |
|
| 710 | 2 |
_aสำนักธรรมศาสตร์และการเมือง _967273 |
|
| 942 |
_2local _cGB |
||
| 996 |
_ajidapa.t _bACQSTF _c2026-01-08 |
||
| 996 |
_avaree.k _bLIBSTF _c2026-01-09 |
||
| 996 |
_asaiphon.d _bCATSTF _c2026-01-14 |
||
| 999 |
_c107639 _d107639 |
||
| 998 |
_j104 _k นางสาวสายฝน ดีงาม |
||